logo

Bir Sreshtho Munshi Abdur Rouf Library
Jhenaidah Cadet College

Why? : (Record no. 10969)

MARC details
000 -LEADER
fixed length control field 01482nam a2200349 a 4500
001 - CONTROL NUMBER
JCCL Control Number 10969
003 - CONTROL NUMBER IDENTIFIER
JCCL marc code BD-JhCC
005 - DATE AND TIME OF LATEST TRANSACTION
control field 20190709105316.0
008 - FIXED-LENGTH DATA ELEMENTS--GENERAL INFORMATION
fixed length control field 190609t20152015dcua j 001 0 eng d
020 ## - INTERNATIONAL STANDARD BOOK NUMBER
International Standard Book Number 9781426320965
020 ## - INTERNATIONAL STANDARD BOOK NUMBER
International Standard Book Number 1426320965
020 ## - INTERNATIONAL STANDARD BOOK NUMBER
International Standard Book Number 9781426320972
020 ## - INTERNATIONAL STANDARD BOOK NUMBER
International Standard Book Number 1426320973
020 ## - INTERNATIONAL STANDARD BOOK NUMBER
International Standard Book Number 9788192088822
035 ## - SYSTEM CONTROL NUMBER
system control number (Bd-JhCC)10969
040 ## - CATALOGING SOURCE
Original cataloging agency YDXCP
Transcribing agency YDXCP
Description conventions rda
Modifying agency BTCTA
-- OCLCQ
-- CLE
-- OCLCO
-- CPG
-- IMF
-- CGP
-- NYP
-- OQX
-- ON8
-- BDX
-- OCLCF
-- OCLCO
-- IK2
-- EHH
-- DLC
-- BD-JhCC
041 ## - LANGUAGE CODE
Language code of Book eng
082 ## - DEWEY DECIMAL CLASSIFICATION NUMBER
Classification number 031.02
Author mark and Year BOY 2015
100 1# - MAIN ENTRY--PERSONAL NAME
Personal name Boyer, Crispin
245 10 - TITLE STATEMENT
Title Why? :
Remainder of title answers to everything /
Statement of responsibility, etc Crispin Boyer.
300 ## - PHYSICAL DESCRIPTION
Pagination 223 pages :
Other physical details illustrations (chiefly color) ;
Dimensions 31 cm
490 ## - SERIES STATEMENT
Series statement National Geographic Kids
500 ## - GENERAL NOTE
General note Subtitle from cover.
500 ## - GENERAL NOTE
General note "National Geographic Kids"--Cover.
500 ## - GENERAL NOTE
General note Includes index.
505 0# - FORMATTED CONTENTS NOTE
Formatted contents note Why me? -- Why on Earth? -- Why in the sky? -- Why, where & when? -- Why-fi -- Wild whys -- The whys of our lives.
520 ## - SUMMARY, ETC.
Summary, etc With hundreds of topics ranging from silly to serious, this book's got the information kids need in a fun and entertaining format that will keep them digging for answers. Includes all kinds of fascinating extra info like top ten lists, weird-but-true facts, explorer profiles, and cool activities.
650 #0 - SUBJECT ADDED ENTRY--TOPICAL TERM
Topical term or geographic name as entry element Curiosities and wonders
Form subdivision Juvenile literature.
650 #7 - SUBJECT ADDED ENTRY--TOPICAL TERM
Topical term or geographic name as entry element Curiosities and wonders.
655 #7 -
Genre/form data or focus term Juvenile works.
Source of term fast
942 ## - ADDED ENTRY ELEMENTS (KOHA)
Source of classification or shelving scheme Dewey Decimal Classification
Koha item type Reference
Holdings
Source of classification or shelving scheme Damaged status Not for loan Home library Current library Shelving location Date of accession Cost, normal purchase price Total Checkouts Full call number Barcode Date last seen Copy number Koha item type
Dewey Decimal Classification     JCC Rouf Library JCC Rouf Library General Stacks 06/09/2019 1500.00   031.02 BOY 2015 15221 07/09/2019 C-1 Reference

JCC Library | Contacts | JCC Home

Last Update on 23 September 2017
Copyright @ 2017-2020 JCC Rouf Library
Rouf Library, Jhenidah Cadet College (JCC), Bangladesh